| 000 | 00385nam a22001337a 4500 | ||
|---|---|---|---|
| 999 |
_c511925 _d511925 |
||
| 020 | _a9789382396604 | ||
| 082 | _aA382x54 C357 | ||
| 100 |
_aChampaklal, Mahesh _912427 |
||
| 245 |
_aBhasa's Ramayana plays: _bfrom page to stage _cby Mahesh Champaklal |
||
| 260 |
_aShimla _bIndian Institute of Advanced Study _c2018 |
||
| 300 | _a632[. | ||
| 650 |
_aBhasa _915123 |
||
| 650 |
_aDrama _915124 |
||